|
|
|
|
| LEADER |
01698cas a2200253 a 4500 |
| 001 |
AALejournalIMF004994 |
| 008 |
230101c9999 xx r poo 0 0eng d |
| 020 |
|
|
|c 5.00 USD
|
| 020 |
|
|
|z 9781451817706
|
| 022 |
|
|
|a 1934-7685
|
| 040 |
|
|
|a BD-DhAAL
|c BD-DhAAL
|
| 110 |
2 |
|
|a International Monetary Fund.
|
| 245 |
1 |
0 |
|a Haiti :
|b Financial System Stability Assessment, including a Report on the Observance of Standards and Codes on Banking Supervision.
|
| 264 |
|
1 |
|a Washington, D.C. :
|b International Monetary Fund,
|c 2008.
|
| 300 |
|
|
|a 1 online resource (45 pages)
|
| 490 |
1 |
|
|a IMF Staff Country Reports
|
| 500 |
|
|
|a <strong>Off-Campus Access:</strong> No User ID or Password Required
|
| 500 |
|
|
|a <strong>On-Campus Access:</strong> No User ID or Password Required
|
| 506 |
|
|
|a Electronic access restricted to authorized BRAC University faculty, staff and students
|
| 520 |
3 |
|
|a Haiti's financial system plays a limited role in supporting economic growth. The Financial Sector Assessment Program (FSAP) team assessed that financial sector data are generally adequate, although the unavailability of some statistics has weakened the analysis. Stress tests suggest that the banking system is resilient to a range of single-risk factor shocks, but would be vulnerable to a deterioration in credit quality. The banking sector needs to play a more effective role in supporting growth. There is no explicit law governing payment systems.
|
| 538 |
|
|
|a Mode of access: Internet
|
| 651 |
|
7 |
|a Haiti
|2 imf
|
| 830 |
|
0 |
|a IMF Staff Country Reports; Country Report ;
|v No. 2008/112
|
| 856 |
4 |
0 |
|z Full text available on IMF
|u http://elibrary.imf.org/view/journals/002/2008/112/002.2008.issue-112-en.xml
|z IMF e-Library
|